000 00806nam a22002777a 4500
001 BR7400401
003 BR-BrBNA
005 20230928084512.0
007 ta
008 230509b bl.||||| |||| 00| 0 por d
040 _aBR-BrBNA
_bpor
_cBiblioteca Nacional de Agricultura
041 _a(Por)
072 _aF00; B50
_b0230
_b9320
_b/G310
090 _ 0230 BR7400401
100 1 _aDias Filho, M.A.S.
111 1 _a2. Congresso Nacional de Agricultura
_cRio de Janeiro, GB (Brazil)
_d18 Aug 1908
245 1 _aA canna e o assucar nas Antilhas
260 3 _aRio de Janeiro, GB (Brasil):
_bImprensa Nacional,
_c1908.
300 _a56 p.
650 _aProducao vegetal
650 _aHistoria
650 _aCana de acucar
650 _aAcucar
909 _a202309
_bLucia
_c55
_dLucia Elande
942 _cBK
999 _c19395
_d19395